| 000 | 00799cam a2200277 4500 | ||
|---|---|---|---|
| 008 | 000000n2000 000 0 eng u | ||
| 020 | _a1860813674 | ||
| 035 | _a(Sirsi) u107917 | ||
| 041 | _aeng | ||
| 050 | _a614.76 | ||
| 100 | _aHobbs, G. | ||
| 245 | _aReclamation and recycling of building materials: industry position report. | ||
| 260 |
_aWatford _bCRC Ltd _c2000 |
||
| 300 | _a8p. : ill. ; 30cm. | ||
| 350 | _a0 | ||
| 490 |
_aBRE Information Paper _vIP 7/00 |
||
| 650 | _aBUILT ENVIRONMENT-BUILDING MATERIALS | ||
| 650 | _aRECLAMATION | ||
| 650 | _aRECYCLING OF BUILDING MATERIALS | ||
| 650 | _aRECYCLING | ||
| 650 | _aWASTE MANAGEMENT | ||
| 690 | _aBUILT ENVIRONMENT-BUILDING MATERIALS | ||
| 700 | _aKay, T. | ||
| 710 | _aBuilding Research Establishment | ||
| 942 | _n0 | ||
| 999 |
_c100733 _d100733 |
||